Jubileum významného novinára /Pavla Bertu/

Bibliographic Details
Main Author: Bonko, Ivan, 1923-2000 (Author)
Format: Article
Language:Slovak
Subjects:

MARC

LEADER 00000nab a2200000 a 4500
001 vtls000080270
003 SK-MaSNL
005 20260303032242.0
008 111103c1981 xo 0 slo
015 |a SNBRB19rr/mm-uuuuu 
035 |a CL0090371 
040 |a SNKBUCL  |b slo  |c SNKBUCL  |e AACR2 
041 0 |a slo 
044 |a xo  |c SK 
080 |a 07  |2 1981 
080 |a 929 Berta, Pavol  |2 1981 
100 1 |a Bonko, Ivan,  |d 1923-2000  |4 aut  |9 181322 
245 1 0 |a Jubileum významného novinára  |b /Pavla Bertu/  |c Ivan Bonko 
650 0 7 |a Berta, Pavol  |2 snkbucl  |9 1014923 
655 7 |a články z novín a časopisov  |2 snkbucl  |9 267496 
773 0 |t Ľud  |g Roč. 34, č. 49 (27. 2. 1981), s. 5 
850 |a Slovenská národná knižnica v Martine  |a MTA001 
852 |a SNK  |b KIS3GCP 
958 |a RK 
992 |a RBX 
999 |c 1663267  |d 1665197